| 000 | 00353nam a2200121Ia 4500 | ||
|---|---|---|---|
| 008 | 180219s9999 xx 000 0 und d | ||
| 020 | _a9789710165070 | ||
| 100 | _aBallada, Win | ||
| 245 |
_cBallada, Susan _aPartnership and corporation accounting / |
||
| 250 | _a16th ed | ||
| 260 |
_aSampaloc City : _bDomdane Publisher _c2012 |
||
| 300 | _aii, 441 pages | ||
| 999 |
_c355990 _d355990 |
||